[Event "POL-ch U14"]
[Site "Uniejow"]
[Date "2021.07.23"]
[Round "7"]
[White "Garwacki, Kornel"]
[Black "Urban, Szymon"]
[Result "1-0"]
[WhiteElo "1478"]
[BlackElo "1312"]
[PlyCount "77"]
[EventDate "2021.07.18"]
[EventType "swiss"]
[EventRounds "9"]
[EventCountry "POL"]
[SourceTitle "EXT 2022"]
[Source "ChessBase"]
[SourceDate "2021.10.06"]
[SourceVersion "1"]
[SourceVersionDate "2021.10.06"]
[SourceQuality "1"]

1. e4 e5 2. Nc3 Nf6 3. Bc4 Bc5 4. d3 h6 5. f4 d6 6. Nf3 Nc6 7. Na4 Bb6 8. Nxb6 cxb6 9. Qe2 Bg4 10. c3 Qd7 11. h3 Bxf3 12. Qxf3 0-0-0 13. 0-0 Kb8 14. Bb5 g6 15. Bxc6 bxc6 16. fxe5 Ne8 17. exd6 Nxd6 18. Bf4 Qe6 19. b3 Rh7 20. Rad1 Kb7 21. Bxd6 Qxd6 22. d4 Re8 23. e5 Qe6 24. Qf6 Qxf6 25. Rxf6 Rg7 26. Rdf1 Re7 27. Kf2 Re6 28. Ke3 Rxf6 29. Rxf6 Kc7 30. c4 Rh7 31. d5 cxd5 32. cxd5 Rg7 33. Kd4 Kd7 34. Kc4 Kc7 35. b4 Kb7 36. d6 Kc6 37. b5+ Kd7 38. Kd5 h5 39. Rf3 1-0